புற்றுநோய் ஓர் அறிமுகம்/

Saved in:
Bibliographic Details
Main Author: பாலகோபி,பா
Format: Book
Language:English
Tamil
Published: கொழும்பு: குமரன் புத்தக இல்லம், 2025
Subjects:
Tags: Add Tag
No Tags, Be the first to tag this record!

MARC

LEADER 00000nam a22000007a 4500
005 20260410104124.0
008 260410b |||||||| |||| 00| 0 eng d
020 |a 9786246164744 
041 |a tam  |h tam 
082 |a 616.99  |b பாலகோ 
100 |a பாலகோபி,பா.   |9 116770 
245 |a புற்றுநோய் ஓர் அறிமுகம்/  |c பா. பாலகோபி.  
260 |a கொழும்பு:  |b குமரன் புத்தக இல்லம்,   |c 2025 
300 |a ix,90p.:  |b ill.col;  |c 21.5.cm 
500 |a Purchased 
650 |a Cancer 
942 |c BK 
999 |c 71219  |d 71219